000
00320nam a22001337a 4500
003
macl
005
20170326125336.0
008
170326b xxu||||| |||| 00| 0 eng d
040
_c
MACL
100
_a
Chaturvedi Heramb
_9
66852
245
_a
Allahabad school of Histroy
650
_a
900/Histroy
_9
66853
942
_2
ddc
_c
BK
999
_c
56135
_d
56135